|
|
|
|
| LEADER |
00000nam0a2200000 4500 |
| 001 |
324553 |
| 005 |
20231102003659.0 |
| 035 |
|
|
|a (RuTPU)RU\TPU\book\350151
|
| 090 |
|
|
|a 324553
|
| 100 |
|
|
|a 20161117d1903 m y0rusy50 ca
|
| 101 |
1 |
|
|a rus
|c fre
|
| 102 |
|
|
|a RU
|
| 105 |
|
|
|a a z 001zy
|
| 200 |
1 |
|
|a Сибирь и ее экономическая будущность
|f Кл. Оланьон
|g авт. предисл. Ф. Пасси ; пер. с франц. А. Д. Погрузов
|
| 210 |
|
|
|a Санкт-Петербург
|c Т-во "Просвещение"
|d [1903]
|
| 215 |
|
|
|a X, 252, [6] с., [15] вкл. л.
|c ил.
|
| 300 |
|
|
|a Текст в русской дореформенной орфографии
|
| 316 |
|
|
|5 63413507: М-132034
|a Владельческая подпись: "Бутаков"
|
| 317 |
|
|
|5 63413507: М-132034
|a Поступила в НТБ в 1970 г. в составе книжного собрания профессора ТПИ И. Н. Бутакова
|
| 320 |
|
|
|a Приложение: Губернии и области Сибири. 1897 год: с. [253]
|
| 320 |
|
|
|a Постраничные примечания
|
| 606 |
1 |
|
|a Сибирь
|x Экономика
|2 stltpush
|3 (RuTPU)RU\TPU\subj\36913
|9 58115
|
| 610 |
1 |
|
|a 19 век
|
| 610 |
1 |
|
|a пути сообщения
|
| 610 |
1 |
|
|a земледелие
|
| 610 |
1 |
|
|a скотоводство
|
| 610 |
1 |
|
|a леса
|
| 610 |
1 |
|
|a охотничий промысел
|
| 610 |
1 |
|
|a рыбная ловля
|
| 610 |
1 |
|
|a золотопромышленность
|
| 610 |
1 |
|
|a полезные ископаемые
|
| 610 |
1 |
|
|a обрабатывающая промышленность
|
| 610 |
1 |
|
|a торговля
|
| 610 |
1 |
|
|a владельческая надпись
|
| 610 |
1 |
|
|a библиотека И. Н. Бутакова
|
| 686 |
|
|
|a У9(2Р5)
|v LBC/SL-A
|2 rubbk
|
| 700 |
|
1 |
|a Оланьон
|b Кл.
|
| 702 |
|
1 |
|a Пасси
|b Ф.
|g Фредерик
|4 080
|
| 702 |
|
1 |
|a Погрузов
|b А. Д.
|4 730
|
| 801 |
|
1 |
|a RU
|b 63413507
|c 20161117
|
| 801 |
|
2 |
|a RU
|b 63413507
|c 20190722
|g RCR
|
| 942 |
|
|
|c BK
|